| 000 | 00572nam a2200193Ia 4500 | ||
|---|---|---|---|
| 001 | 20351 | ||
| 003 | GE_BSU | ||
| 008 | 181216s||||||||xx |||||||||||||| ||und|| | ||
| 040 | _cGE_BSU | ||
| 245 | _aИммунология.Том 38. №1. Январь-Февраль 2017 | ||
| 245 | _cРед.Е.П. Мороз | ||
| 260 | _aМосква | ||
| 260 | _c2017 | ||
| 300 | _a72 стр. ; 30см. | ||
| 653 | _aИммунология.Том 38. №1. Январь-Февраль 2017 | ||
| 653 | _aПериодика | ||
| 653 | _aპერიოდიკა | ||
| 942 | _cCR | ||
| 999 |
_c53310 _d53310 |
||